| 000 | 00443nam a2200181Ia 4500 | ||
|---|---|---|---|
| 001 | 2561 | ||
| 005 | 20260306144816.0 | ||
| 008 | 260306t2016||||xx |||||||||||||| ||spa|| | ||
| 041 | _aESP | ||
| 082 |
_a616.89142 _bV16 T. 2 |
||
| 100 |
_aVallejo Pareja, Miguel Ángel _eAUT |
||
| 245 | 0 | _aManual de terapia de conducta | |
| 260 | _c2016 | ||
| 300 |
_a1120 páginas : _c24 cm. |
||
| 650 | _aGEN | ||
| 654 | _aCPS | ||
| 942 |
_cLIB _dJUS _fJUS _2ddc _n |
||
| 999 |
_c2561 _d2561 |
||